000 00678nam a2200205 i 4500
001 79371
003 ES-MaACL
005 20250809030223.0
007 t|
008 041021s1949 sp |||| | spa d
100 1 _aHernáinz Márquez, Miguel.
_962772
245 1 0 _aTratado elemental de derecho del trabajo /
_cMiguel Hernáinz Márquez.
250 _a4ª ed. corr. y aum.
260 _aMadrid :
_bInstituto de Estudios Políticos,
_c1949 (
_fGráfs. González)
300 _a804 p. ;
_c24 cm.
650 0 4 _aDerecho laboral-
_zEspaña
_911726
710 2 _aInstituto de Estudios Políticos (Madrid)
_94924
852 _aES-MaACL
_jE-2348
999 _c79371
_d79371